00649nam a22002057a 450000500170000001000130001702000100003003500130004003700160005304000120006908200160008110000270009724500990012426000530022327000380027630000310031465000390034565000360038470000230042020170124110045.0 aA-779657 c00.00 aA-779657 bCen Lib/Ret aDPLbEN a841.08bYOG aYogananda, Paramhansa  aThe rubainat of Omar Khayyam explained /cby Paramhansa Yogananda; edited by J.Donald Walters  bUBS Publishers Distributors LtdaNew Delhic1994 a5, Ansari RoadbNew Delhie110002 axx,354p. :c22cm(Hb)bill. aOmar Khayyam. -- Rubāʻīyāt. aRubāʻīyāt (Omar Khayyam) aWalters, J.Donald